Glengarry Glen Ross / (Registro nro. 179623)

Detalles MARC
000 -LEADER
campo de control de longitud fija 00977nam a2200289 i 4500
001 - NÚMERO DE CONTROL
campo de control 179623
003 - IDENTIFICADOR DE NÚMERO DE CONTROL
campo de control ES-MaACL
005 - FECHA Y HORA DE LA ÚLTIMA TRANSACCIÓN
campo de control 20230922174831.0
008 - DATOS DE LONGITUD FIJA--INFORMACIÓN GENERAL
campo de control de longitud fija 111226s2010 sp aceo |||| |dspa d
020 ## - NÚMERO INTERNACIONAL ESTÁNDAR DEL LIBRO
Número Internacional Estándar del Libro 978-84-87744-53-2
080 ## - NÚMERO DE LA CLASIFICACIÓN DECIMAL UNIVERSAL
Número de la Clasificación Decimal Universal 792(083.97)
080 ## - NÚMERO DE LA CLASIFICACIÓN DECIMAL UNIVERSAL
Número de la Clasificación Decimal Universal 821.111(73)-23"19"
100 1# - ENTRADA PRINCIPAL--NOMBRE DE PERSONA
Nombre de persona Mamet, David.
9 (RLIN) 75900
245 10 - MENCIÓN DEL TÍTULO
Título Glengarry Glen Ross /
Mención de responsabilidad, etc. David Mamet ; versión y dirección, Daniel Veronese.
250 ## - MENCION DE EDICION
Mención de edición 1ª ed.
260 ## - PUBLICACIÓN, DISTRIBUCIÓN, ETC.
Lugar de publicación, distribución, etc. Madrid :
Nombre del editor, distribuidor, etc. Teatro Español,
Fecha de publicación, distribución, etc. 2010.
300 ## - DESCRIPCIÓN FÍSICA
Extensión 270 p. :
Otras características físicas il. col. y n., planos, retr. ;
Dimensiones 20 x 20 cm.
490 1# - MENCIÓN DE SERIE
Mención de serie Cuadernos del Teatro Español ;
Designación de volumen o secuencia 29
600 14 - PUNTO DE ACCESO ADICIONAL DE MATERIA--NOMBRE DE PERSONA
Nombre de persona Mamet, David.
9 (RLIN) 75900
650 #7 - PUNTO DE ACCESO ADICIONAL DE MATERIA--TÉRMINO DE MATERIA
Término de materia o nombre geográfico como elemento de entrada Teatro-
Subdivisión general Programas.
9 (RLIN) 145288
700 1# - ENTRADA AGREGADA--NOMBRE PERSONAL
Nombre de persona Veronese, Daniel.
9 (RLIN) 148856
710 2# - ENTRADA AGREGADA--NOMBRE DE ENTIDAD CORPORATIVA
Nombre de entidad corporativa o nombre de jurisdicción como elemento de entrada Teatro Español (Madrid)
9 (RLIN) 143020
830 0# - PUNTO DE ACCESO ADICIONAL DE SERIE-TÍTULO UNIFORME
Título uniforme Cuadernos del Teatro Español ;
Designación de volumen o secuencia 29
9 (RLIN) 189460
852 ## - LOCALIZACIÓN
Ubicación ES-MaACL
Número de control de estantería A-11768
itemnumber 186520
Sublocalización o colección R.146712
Ubicación en estantería Depósito 1
Signatura antigua Olim: N-4773
942 ## - ELEMENTOS DE ENTRADA SECUNDARIOS (KOHA)
Fuente del sistema de clasificación o colocación Clasificación decimal universal
Tipo de ítem Koha Libro impreso
Existencias
Estatus retirado Estado de pérdida Fuente del sistema de clasificación o colocación Estado de daño No para préstamo Biblioteca de origen Biblioteca actual Ubicación en estantería Fecha de adquisición Fuente de adquisición Total de préstamos Signatura topográfica completa Código de barras Visto por última vez Precio de reemplazo Tipo de ítem Koha
    Clasificación decimal universal     Biblioteca del Ateneo de Madrid Biblioteca del Ateneo de Madrid Depósito 1 26/12/2011 Donación   A-11768 1188698 23/02/2023 23/02/2023 Libro impreso